[Event "Open international Liffré" 2016"]
[Site "?"]
[Date "2016.10.23"]
[Round "2"]
[White "Le Gouellec Marc"]
[Black "Normand Victor"]
[Result "1-0"]
[WhiteElo "1759"]
[BlackElo "1899"]
[PlyCount "137"]
[SourceDate "2012.12.11"]

1. e4 e6 2. d4 d5 3. e5 c5 4. c3 Nc6 5. Nf3 Bd7 6. Bd3 cxd4 7. cxd4 Qb6 8. O-O
Nxd4 9. Nxd4 Qxd4 10. Nc3 a6 11. Re1 Ne7 12. Qf3 Ng6 13. Bxg6 hxg6 14. Bg5 Qb6
15. Re2 Bc6 16. Qf4 Qc7 17. Qd4 Be7 18. Bxe7 Qxe7 19. Rae1 O-O-O 20. Rc2 Qh4
21. Qxh4 Rxh4 22. g3 Rh5 23. b4 Kb8 24. Rd2 d4 25. f4 Rhh8 26. Ne4 Bxe4 27.
Rxe4 d3 28. Re3 Rd4 29. a3 Rhd8 30. Kf2 Kc7 31. Kf3 Kc6 32. Re1 Rc4 33. Ke3 Rc3
34. a4 b5 35. Ra1 Rb3 36. axb5+ Kxb5 37. Rc1 Rd7 38. Rc8 Kxb4 39. Rg8 a5 40.
Rxg7 a4 41. Rg8 Rd5 42. g4 a3 43. Rb8+ Rb5 44. Rd8 Kc4 45. Rd7 Rc3 46. Rxf7 Kb3
47. Ra7 g5 48. fxg5 Rxe5+ 49. Kd4 Rd5+ 50. Ke3 Rxg5 51. Rb7+ Kc4 52. Rc7+ Rc5
53. Rxc5+ Kxc5 54. g5 Kb4 55. g6 Rc7 56. h4 Rg7 57. h5 Kb3 58. Rxd3+ Kb2 59.
Ke4 a2 60. Rd2+ Kb3 61. Rxa2 Kxa2 62. Ke5 Kb3 63. Kxe6 Kc4 64. Kf6 Rc7 65. g7
Rc6+ 66. Kf7 Rc7+ 67. Kg8 Rc6 68. Kh7 Rc7 69. Kh8 1-0

[Event "Open International Liffré 2016"]
[Site "Liffré France"]
[Date "2016.10.23"]
[Round "3.1"]
[White "Petkov, Vladimir"]
[Black "Kukov, Velislav"]
[Result "1/2-1/2"]
[BlackElo "2358"]
[WhiteElo "2517"]
[LiveChessVersion "1.4.8"]

1. d4 {[%clk 1:30:39]} d5 {[%clk 1:30:38]} 2. c4 {[%clk 1:30:29]} c6
{[%clk 1:30:35]} 3. cxd5 {[%clk 1:28:22]} cxd5 {[%clk 1:30:55]} 4. Nc3
{[%clk 1:28:37]} Nf6 {[%clk 1:31:05]} 5. Bf4 {[%clk 1:28:55]} Nc6
{[%clk 1:31:02]} 6. e3 {[%clk 1:27:53]} g6 {[%clk 1:13:00]} 7. Nf3
{[%clk 1:24:44]} Bg7 {[%clk 1:10:00]} 8. h3 {[%clk 1:24:57]} O-O {[%clk 1:09:51]}
9. Bd3 {[%clk 1:24:26]} a6 {[%clk 1:07:02]} 10. Rc1 {[%clk 1:23:38]} Bf5
{[%clk 0:52:12]} 11. Bxf5 {[%clk 1:19:51]} gxf5 {[%clk 0:52:37]} 12. Ne5
{[%clk 1:19:46]} Rc8 {[%clk 0:48:25]} 13. O-O {[%clk 1:16:56]} e6
{[%clk 0:48:13]} 14. Nd3 {[%clk 1:08:08]} Ne4 {[%clk 0:43:55]} 15. Ne2
{[%clk 0:58:46]} Qe7 {[%clk 0:34:30]} 16. Ng3 {[%clk 0:56:31]} Nxg3
{[%clk 0:34:35]} 17. Bxg3 {[%clk 0:56:55]} Nb4 {[%clk 0:34:28]} 18. Nxb4
{[%clk 0:56:01]} Qxb4 {[%clk 0:34:52]} 19. b3 {[%clk 0:56:14]} Qe7
{[%clk 0:33:50]} 20. Qd2 {[%clk 0:49:40]} Qd7 {[%clk 0:34:13]} 21. Kh2
{[%clk 0:48:24]} Rxc1 {[%clk 0:34:33]} 22. Rxc1 {[%clk 0:48:49]} Rc8
{[%clk 0:34:59]} 1/2-1/2

[Event "Open international Liffré" 2016"]
[Site "?"]
[Date "2016.10.24"]
[Round "3"]
[White "Thejkumar M. S."]
[Black "Taramelli Marc"]
[Result "1-0"]
[WhiteElo "2445"]
[BlackElo "1875"]
[PlyCount "41"]
[SourceDate "2012.12.11"]

1. d4 d5 2. c4 c6 3. Nc3 e6 4. Nf3 Nf6 5. g3 Nbd7 6. Bg2 Bd6 7. O-O O-O 8. Nd2
e5 9. dxe5 Bxe5 10. cxd5 Bxc3 11. dxc6 Bxd2 12. cxd7 Qxd7 13. Bxd2 Re8 14. Bc3
Qe7 15. e3 Be6 16. Qa4 Nd5 17. Bxd5 Bxd5 18. Qd4 Qg5 19. h4 Qg6 20. Qxd5 Rad8
21. Qg5 1-0

[Event "Open international Liffré" 2016"]
[Site "?"]
[Date "2016.10.24"]
[Round "3"]
[White "Jolly Jean-François"]
[Black "Le Gouellec"]
[Result "1-0"]
[WhiteElo "2385"]
[BlackElo "1754"]
[PlyCount "47"]
[SourceDate "2012.12.11"]

1. e4 c5 2. Nf3 d6 3. d4 cxd4 4. Nxd4 Nf6 5. Nc3 g6 6. Be2 Bg7 7. O-O O-O 8.
Re1 Nc6 9. Nb3 Be6 10. Bg5 Rc8 11. Bf1 Nd7 12. Rb1 a6 13. Nd5 h6 14. Bh4 g5 15.
Bg3 Nf6 16. c3 Na7 17. f4 g4 18. Nxf6+ Bxf6 19. f5 Bc4 20. Qxg4+ Kh7 21. Bf4
Bxf1 22. Rxf1 Qb6+ 23. Kh1 Nc6 24. Bxh6 1-0

[Event "Open international Liffré" 2016"]
[Site "?"]
[Date "2016.10.24"]
[Round "3"]
[White "Derouin Stephane"]
[Black "Pucher Sebastien"]
[Result "0-1"]
[WhiteElo "1757"]
[BlackElo "2366"]
[PlyCount "56"]
[SourceDate "2012.12.11"]

1. Nf3 g6 2. d3 Bg7 3. g3 d5 4. Bg2 e5 5. O-O Ne7 6. Nbd2 O-O 7. e4 Nbc6 8. c3
a5 9. a4 h6 10. Qe2 Re8 11. Rd1 Be6 12. Nf1 Qd7 13. d4 exd4 14. Nxd4 Nxd4 15.
cxd4 dxe4 16. Bxe4 Bb3 17. Rd3 Bc4 18. Qf3 Bxd3 19. Bxd3 Qxd4 20. Nd2 Nc6 21.
Nb3 Qb4 22. Bc2 Qc4 23. Qd3 Re1+ 24. Kg2 Qxd3 25. Bxd3 Rd1 26. Bb5 Rad8 27. Rb1
Nd4 28. Nxd4 Bxd4 0-1

[Event "Open international Liffré" 2016"]
[Site "?"]
[Date "2016.10.24"]
[Round "3"]
[White "Aubry Youri"]
[Black "Pucher Olivier"]
[Result "0-1"]
[WhiteElo "1762"]
[BlackElo "2354"]
[PlyCount "86"]
[SourceDate "2012.12.11"]

1. c4 c5 2. Nc3 g6 3. g3 Bg7 4. Bg2 Nc6 5. Nf3 e5 6. O-O Nge7 7. Rb1 d6 8. a3
a5 9. d3 O-O 10. Nb5 h6 11. b3 Be6 12. Bd2 Qd7 13. b4 axb4 14. axb4 cxb4 15.
Bxb4 Nxb4 16. Rxb4 d5 17. Nd2 f5 18. cxd5 Nxd5 19. Bxd5 Bxd5 20. Nc4 Ra6 21.
Nc3 Bc6 22. Qb3 Kh7 23. Nb6 Qe7 24. Ncd5 Qf7 25. e4 h5 26. Nc3 Qxb3 27. Rxb3
fxe4 28. dxe4 Rf3 29. Kg2 Rxb6 30. Rxb6 Rxc3 31. f3 Bf8 32. Rb2 Bc5 33. Re1 Bd4
34. Rd2 Kg7 35. Rde2 b5 36. f4 b4 37. fxe5 Bxe5 38. Rb1 b3 39. Kf2 Bb5 40. Ree1
Rc2+ 41. Ke3 b2 42. Rh1 g5 43. h4 Re2+ 0-1

[Event "Open international Liffré" 2016"]
[Site "?"]
[Date "2016.10.23"]
[Round "3"]
[White "Denizet Briac"]
[Black "François Adrien"]
[Result "0-1"]
[WhiteElo "1723"]
[BlackElo "1907"]
[PlyCount "72"]
[SourceDate "2012.12.11"]

1. e4 c5 2. b3 Nc6 3. Bb2 d6 4. Bb5 Bd7 5. Nf3 a6 6. Bxc6 Bxc6 7. d3 Nf6 8. O-O
g6 9. Nbd2 Bg7 10. Re1 O-O 11. a4 b5 12. axb5 axb5 13. Rxa8 Qxa8 14. c4 Qb7 15.
Qc2 bxc4 16. bxc4 Ra8 17. Ra1 Rxa1+ 18. Bxa1 Nxe4 19. Bxg7 Nxd2 20. Nxd2 Kxg7
21. f3 Qb4 22. Kf2 f5 23. Ke3 e5 24. Qb3 Qxb3 25. Nxb3 g5 26. h3 h5 27. Nd2 Kf6
28. Nf1 Ke6 29. g3 f4+ 30. gxf4 exf4+ 31. Ke2 Kf5 32. Nh2 Ba4 33. Kd2 Ke5 34.
Kc3 Bd7 35. h4 gxh4 0-1

[Event "Open international Liffré" 2016"]
[Site "?"]
[Date "2016.10.24"]
[Round "3"]
[White "Normand Victor"]
[Black "Le Tonnelier Jean-Pierre"]
[Result "1-0"]
[WhiteElo "1899"]
[BlackElo "1709"]
[PlyCount "49"]
[SourceDate "2012.12.11"]

1. e4 e6 2. d4 d5 3. Nd2 dxe4 4. Nxe4 Nf6 5. Nxf6+ gxf6 6. Nf3 c5 7. Be3 cxd4
8. Nxd4 Nc6 9. Bb5 Bd7 10. Nxc6 bxc6 11. Bc4 Qa5+ 12. c3 Be7 13. O-O Rd8 14.
Qf3 Rg8 15. Rfd1 Rg6 16. b4 Qc7 17. Bf1 c5 18. b5 e5 19. Qe2 Qb7 20. c4 Bh3 21.
Rxd8+ Bxd8 22. g3 Bg4 23. Qd2 Be7 24. Bg2 Qd7 25. Bc6 1-0

[Event "Open international Liffré" 2016"]
[Site "?"]
[Date "2016.10.24"]
[Round "3"]
[White "Durand-Le Ludec Bredan"]
[Black "Martin Yvon"]
[Result "1-0"]
[WhiteElo "2128"]
[BlackElo "1728"]
[PlyCount "57"]
[SourceDate "2012.12.11"]

1. Nf3 Nf6 2. g3 g6 3. Bg2 Bg7 4. O-O O-O 5. d4 d6 6. a4 Nbd7 7. a5 c5 8. Nc3
cxd4 9. Nxd4 Nc5 10. a6 Qb6 11. Nb3 Nfd7 12. Be3 Bxc3 13. bxc3 Rb8 14. Nd4 Ne5
15. Bg5 Re8 16. axb7 Bxb7 17. Rb1 Qc7 18. Bxb7 Rxb7 19. f4 Rxb1 20. Qxb1 Rb8
21. Qa2 Ng4 22. f5 Ne5 23. Nf3 Ne4 24. Be3 Nxc3 25. Qa6 Ng4 26. Bd4 f6 27. fxg6
hxg6 28. Qd3 f5 29. Bxc3 1-0

[Event "Open International Liffré 2016"]
[Site "Liffré France"]
[Date "2016.10.24"]
[Round "4.1"]
[White "Pucher, Sebastien"]
[Black "Thejkumar, M.S."]
[Result "0-1"]
[BlackElo "2445"]
[WhiteElo "2366"]
[LiveChessVersion "1.4.8"]

1. c4 {[%clk 1:30:50]} e6 {[%clk 1:29:47]} 2. Nf3 {[%clk 1:30:31]} d5
{[%clk 1:28:36]} 3. g3 {[%clk 1:30:13]} Nf6 {[%clk 1:27:43]} 4. Bg2
{[%clk 1:30:22]} dxc4 {[%clk 1:26:41]} 5. Qa4+ {[%clk 1:29:53]} c6
{[%clk 1:26:18]} 6. Qxc4 {[%clk 1:29:49]} b5 {[%clk 1:26:24]} 7. Qc2
{[%clk 1:29:18]} Bb7 {[%clk 1:26:36]} 8. a4 {[%clk 1:26:20]} Nbd7
{[%clk 1:12:54]} 9. Nc3 {[%clk 1:20:05]} a6 {[%clk 1:12:00]} 10. O-O
{[%clk 1:18:26]} Rc8 {[%clk 1:10:46]} 11. d3 {[%clk 1:16:00]} Be7
{[%clk 1:10:12]} 12. e4 {[%clk 1:15:25]} O-O {[%clk 1:10:17]} 13. h3
{[%clk 1:14:41]} a5 {[%clk 1:09:53]} 14. Be3 {[%clk 0:57:44]} Ba6
{[%clk 1:07:51]} 15. Rfc1 {[%clk 0:40:08]} b4 {[%clk 1:02:42]} 16. Nb1
{[%clk 0:33:47]} Nb8 {[%clk 1:01:47]} 17. Ne5 {[%clk 0:25:58]} Nfd7
{[%clk 1:01:30]} 18. Nc4 {[%clk 0:25:05]} Bxc4 {[%clk 0:55:12]} 19. dxc4
{[%clk 0:24:06]} Bc5 {[%clk 0:55:25]} 20. Qe2 {[%clk 0:14:52]} Qb6
{[%clk 0:54:30]} 21. Bxc5 {[%clk 0:10:51]} Nxc5 {[%clk 0:54:51]} 22. Qe3
{[%clk 0:06:05]} Rcd8 {[%clk 0:50:27]} 23. Bf1 {[%clk 0:06:05]} e5
{[%clk 0:50:10]} 24. Nd2 {[%clk 0:05:23]} Rd4 {[%clk 0:49:10]} 25. Nb3
{[%clk 0:05:15]} Nxb3 {[%clk 0:47:52]} 26. Qxb3 {[%clk 0:05:42]} Qc5
{[%clk 0:45:23]} 27. Qc2 {[%clk 0:01:59]} Rfd8 {[%clk 0:44:17]} 28. Rd1
{[%clk 0:02:26]} Na6 {[%clk 0:41:59]} 29. Be2 {[%clk 0:01:43]} Rxd1+
{[%clk 0:35:10]} 30. Rxd1 {[%clk 0:02:09]} Rxd1+ {[%clk 0:35:33]} 31. Bxd1
{[%clk 0:00:31]} Qd4 {[%clk 0:35:34]} 0-1

[Event "Open International Liffré 2016"]
[Site "Liffré France"]
[Date "2016.10.24"]
[Round "4.2"]
[White "Kulkarni, Ojas"]
[Black "Jolly, Jean-François"]
[Result "0-1"]
[BlackElo "2385"]
[WhiteElo "2405"]
[LiveChessVersion "1.4.8"]

1. d4 {[%clk 1:30:52]} Nf6 {[%clk 1:30:54]} 2. c4 {[%clk 1:31:10]} e6
{[%clk 1:31:18]} 3. Nc3 {[%clk 1:31:27]} Bb4 {[%clk 1:31:43]} 4. Nf3
{[%clk 1:31:47]} b6 {[%clk 1:30:30]} 5. e3 {[%clk 1:32:14]} Bb7 {[%clk 1:29:55]}
6. Bd3 {[%clk 1:32:37]} O-O {[%clk 1:30:14]} 7. O-O {[%clk 1:32:58]} d5
{[%clk 1:30:38]} 8. cxd5 {[%clk 1:32:58]} exd5 {[%clk 1:31:01]} 9. a3
{[%clk 1:32:31]} Bd6 {[%clk 1:23:27]} 10. b4 {[%clk 1:32:59]} Nbd7
{[%clk 1:22:07]} 11. Qb3 {[%clk 1:33:11]} a6 {[%clk 1:16:08]} 12. Ra2
{[%clk 1:32:55]} Re8 {[%clk 1:05:32]} 13. Re2 {[%clk 1:29:57]} Ne4
{[%clk 1:01:14]} 14. Bb2 {[%clk 1:14:18]} Nf8 {[%clk 0:53:15]} 15. Ne5
{[%clk 0:40:36]} Nxc3 {[%clk 0:41:41]} 16. Bxc3 {[%clk 0:34:37]} f6
{[%clk 0:31:04]} 17. Nf3 {[%clk 0:34:53]} Kh8 {[%clk 0:31:26]} 18. Qc2
{[%clk 0:33:18]} Qe7 {[%clk 0:28:47]} 19. Rb1 {[%clk 0:31:20]} Qf7
{[%clk 0:28:17]} 20. Ree1 {[%clk 0:25:13]} Bc8 {[%clk 0:20:44]} 21. Nd2
{[%clk 0:14:23]} Ng6 {[%clk 0:19:12]} 22. Nf1 {[%clk 0:11:45]} f5
{[%clk 0:18:29]} 23. f3 {[%clk 0:10:41]} Nh4 {[%clk 0:14:52]} 24. Qf2
{[%clk 0:08:57]} Ng6 {[%clk 0:13:19]} 25. Rbc1 {[%clk 0:09:10]} Bd7
{[%clk 0:12:48]} 26. Qc2 {[%clk 0:06:31]} Rf8 {[%clk 0:05:58]} 27. g3
{[%clk 0:04:03]} Bb5 {[%clk 0:05:56]} 28. a4 {[%clk 0:04:08]} Bxd3
{[%clk 0:04:30]} 29. Qxd3 {[%clk 0:04:37]} Qd7 {[%clk 0:04:31]} 30. Ra1
{[%clk 0:04:53]} Rf6 {[%clk 0:04:11]} 31. a5 {[%clk 0:03:50]} b5 {[%clk 0:04:11]}
32. Bd2 {[%clk 0:04:19]} h5 {[%clk 0:03:47]} 33. Rac1 {[%clk 0:03:36]} h4
{[%clk 0:03:52]} 34. Qc2 {[%clk 0:03:30]} Raf8 {[%clk 0:02:18]} 35. Qc6
{[%clk 0:02:53]} Qf7 {[%clk 0:02:40]} 36. Qb7 {[%clk 0:03:07]} hxg3
{[%clk 0:02:21]} 37. hxg3 {[%clk 0:03:36]} Ne7 {[%clk 0:02:35]} 38. Re2
{[%clk 0:03:59]} f4 {[%clk 0:02:27]} 39. Rh2+ {[%clk 0:03:02]} Kg8
{[%clk 0:02:45]} 40. exf4 {[%clk 0:32:28]} Rg6 {[%clk 0:32:14]} 41. Kf2
{[%clk 0:18:40]} Nf5 {[%clk 0:25:33]} 42. Rh5 {[%clk 0:10:49]} Re6
{[%clk 0:19:13]} 43. Rxf5 {[%clk 0:04:11]} Qxf5 {[%clk 0:19:21]} 44. g4
{[%clk 0:04:22]} Qf7 {[%clk 0:09:57]} 45. f5 {[%clk 0:04:51]} Ree8
{[%clk 0:09:02]} 46. Qxa6 {[%clk 0:05:08]} Qf6 {[%clk 0:09:14]} 47. Qxb5
{[%clk 0:04:59]} Qxd4+ {[%clk 0:09:29]} 48. Be3 {[%clk 0:03:59]} Rxe3
{[%clk 0:09:41]} 0-1

[Event "Open International Liffré 2016"]
[Site "Liffré France"]
[Date "2016.10.24"]
[Round "4.3"]
[White "Arnaudov, Petar"]
[Black "Petkov, Vladimir"]
[Result "1/2-1/2"]
[BlackElo "2517"]
[WhiteElo "2474"]
[LiveChessVersion "1.4.8"]

1. e4 {[%clk 1:30:34]} e5 {[%clk 1:29:40]} 2. Nf3 {[%clk 1:30:37]} Nc6
{[%clk 1:29:37]} 3. Nc3 {[%clk 1:30:10]} Nf6 {[%clk 1:28:35]} 4. d4
{[%clk 1:23:58]} exd4 {[%clk 1:27:32]} 5. Nxd4 {[%clk 1:24:07]} Bb4
{[%clk 1:27:03]} 6. Nxc6 {[%clk 1:22:58]} bxc6 {[%clk 1:17:41]} 7. Bd3
{[%clk 1:22:37]} d5 {[%clk 1:16:59]} 8. exd5 {[%clk 1:21:34]} cxd5
{[%clk 1:17:02]} 9. O-O {[%clk 1:20:01]} O-O {[%clk 1:17:10]} 10. Bg5
{[%clk 1:19:09]} c6 {[%clk 1:16:43]} 11. Qf3 {[%clk 1:19:15]} Bd6
{[%clk 1:16:26]} 12. Rfe1 {[%clk 1:19:16]} h6 {[%clk 1:15:22]} 13. Bxf6
{[%clk 1:19:23]} Qxf6 {[%clk 1:15:46]} 14. Qxf6 {[%clk 1:19:46]} gxf6
{[%clk 1:16:10]} 15. Ne2 {[%clk 1:20:05]} Be5 {[%clk 1:12:54]} 16. c3
{[%clk 1:16:46]} Rb8 {[%clk 1:08:46]} 17. Rab1 {[%clk 1:16:56]} Bd7
{[%clk 1:08:38]} 18. Ng3 {[%clk 1:16:52]} Rfe8 {[%clk 1:07:01]} 19. Nf5
{[%clk 1:16:44]} Bxf5 {[%clk 1:06:35]} 20. Bxf5 {[%clk 1:17:06]} c5
{[%clk 1:06:09]} 21. g3 {[%clk 1:17:16]} c4 {[%clk 1:03:17]} 22. f4 1/2-1/2

[Event "Open international Liffré" 2016"]
[Site "?"]
[Date "2016.10.24"]
[Round "4"]
[White "Pucher Olivier"]
[Black "Ellien Iwan"]
[Result "1-0"]
[WhiteElo "2354"]
[BlackElo "1850"]
[PlyCount "49"]
[SourceDate "2012.12.11"]

1. c4 c5 2. Nf3 Nf6 3. Nc3 Nc6 4. d4 cxd4 5. Nxd4 a6 6. g3 e5 7. Nc2 d6 8. Bg2
Be7 9. O-O O-O 10. Bg5 h6 11. Bxf6 Bxf6 12. Qd2 Be6 13. b3 Qc7 14. Rad1 Rad8
15. Ne3 Be7 16. Ned5 Bxd5 17. Nxd5 Qd7 18. e3 Rfe8 19. b4 Bf8 20. a4 Ne7 21.
Nb6 Qc7 22. a5 Nc8 23. Nd5 Qb8 24. Rb1 Ne7 25. b5 1-0

[Event "Open international Liffré" 2016"]
[Site "?"]
[Date "2016.10.24"]
[Round "4"]
[White "Seite Yamina"]
[Black "Durand-Le Ludec Brendan"]
[Result "0-1"]
[WhiteElo "1788"]
[BlackElo "2128"]
[PlyCount "116"]
[SourceDate "2012.12.11"]

1. e4 c5 2. Nc3 e6 3. Nge2 a6 4. d4 cxd4 5. Nxd4 Qc7 6. Bd3 Nf6 7. O-O b5 8.
Re1 d6 9. f4 Nbd7 10. Kh1 Bb7 11. a4 b4 12. Na2 Nc5 13. Nxb4 Ncxe4 14. Be3 d5
15. c3 Bd6 16. Rf1 h5 17. h3 Ng3+ 18. Kg1 Nxf1 19. Qxf1 Ne4 20. Nxa6 Qe7 21.
Bb5+ Kf8 22. Nc6 Qh4 23. Nab4 g5 24. Ne5 g4 25. Qe1 Qe7 26. hxg4 hxg4 27. Nxg4
f5 28. Ne5 Qh7 29. Kf1 Qh1+ 30. Ke2 Qxg2+ 31. Kd3 Rh3 32. Nd7+ Ke7 33. Qe2 Qg3
34. Nc2 Rh2 35. Qe1 Rd2+ 36. Qxd2 Nxd2 37. Kxd2 Rh8 38. Rf1 Rh2+ 39. Kd1 d4 40.
Bxd4 Bf3+ 41. Kc1 Qxf4+ 42. Ne3 Qe4 43. Re1 Rh1 44. Rxh1 Bxh1 45. Nb6 Bf4 46.
Nbc4 Bg5 47. Bc5+ Kf6 48. Bd4+ Kg6 49. a5 Qh4 50. Ne5+ Kh7 51. Nd3 f4 52. Nf1
Be4 53. Nf2 f3+ 54. Kd1 Bd5 55. Bd3+ Kg8 56. Kc2 e5 57. Bb6 e4 58. Bb5 e3 0-1

[Event "Open international Liffré" 2016"]
[Site "?"]
[Date "2016.10.24"]
[Round "4"]
[White "François Adrien"]
[Black "Brault Gabriel"]
[Result "1-0"]
[WhiteElo "1907"]
[BlackElo "1789"]
[PlyCount "51"]
[SourceDate "2012.12.11"]

1. e4 d5 2. exd5 Qxd5 3. Nc3 Qa5 4. d4 Nf6 5. Nf3 c6 6. Bc4 Bg4 7. h3 Bh5 8. g4
Bg6 9. Bd2 h6 10. Ne5 Qc7 11. Nxg6 fxg6 12. Bd3 Kf7 13. Qe2 e6 14. O-O-O Bb4
15. Rde1 Re8 16. g5 Bxc3 17. bxc3 hxg5 18. Rhg1 Qa5 19. Rxg5 Qxa2 20. Bxg6+ Kg8
21. Bf4 Qa3+ 22. Kd2 Re7 23. Rc5 e5 24. Qc4+ Kh8 25. Bxe5 Ng8 26. Bxg7+ 1-0

[Event "Open international Liffré" 2016"]
[Site "?"]
[Date "2016.10.24"]
[Round "4"]
[White "Rider Palmer"]
[Black "Normand Victor"]
[Result "0-1"]
[WhiteElo "1772"]
[BlackElo "1899"]
[PlyCount "69"]
[SourceDate "2012.12.11"]

1. e4 e6 2. d4 d5 3. Nd2 Nf6 4. e5 Nfd7 5. Bd3 c5 6. c3 Nc6 7. Ngf3 cxd4 8.
cxd4 f6 9. exf6 Nxf6 10. O-O Bd6 11. Re1 O-O 12. Nf1 Qb6 13. a3 Bd7 14. b4 Rae8
15. Bb2 e5 16. b5 e4 17. bxc6 bxc6 18. Rb1 exd3 19. Rxe8 Bxe8 20. Bc3 Qc7 21.
Bb4 Bg6 22. Ne5 Bxe5 23. dxe5 Ne4 24. Bxf8 Nc3 25. Bd6 Qc8 26. Qb3 Nxb1 27.
Qxb1 c5 28. Ne3 c4 29. Nxd5 d2 30. Qd1 Qb7 31. Nc3 Qb2 32. Bb4 Qc1 33. e6 Bc2
34. Qf1 Bd3 35. Qd1 0-1

[Event "Open international Liffré" 2016"]
[Site "?"]
[Date "2016.10.24"]
[Round "4"]
[White "Taramelli Marc"]
[Black "Aubry Youri"]
[Result "0-1"]
[WhiteElo "1875"]
[BlackElo "162"]
[PlyCount "124"]
[SourceDate "2012.12.11"]

1. e4 c5 2. Nf3 e6 3. d4 cxd4 4. Nxd4 Nc6 5. c4 Nf6 6. Nxc6 dxc6 7. Qxd8+ Kxd8
8. Bd3 e5 9. Nc3 Bd6 10. O-O Nd7 11. Be3 Nc5 12. Bc2 Ne6 13. Rad1 Kc7 14. a3
Bc5 15. Bxc5 Nxc5 16. f4 Be6 17. b4 Nd7 18. c5 exf4 19. Rxf4 Ne5 20. Nd5+ cxd5
21. exd5 Bd7 22. d6+ Kc8 23. a4 a6 24. Rdf1 f6 25. h3 h6 26. Rb1 Re8 27. b5
axb5 28. axb5 Ra2 29. Be4 Ra5 30. c6 bxc6 31. Bxc6 Bxc6 32. bxc6 Nxc6 33. Rc4
Kd7 34. Rb7+ Kxd6 35. Rxg7 Rg5 36. Rf7 Ke6 37. Rh7 Ne5 38. Rc2 h5 39. Ra7 Rd8
40. Ra6+ Rd6 41. Ra3 Kf5 42. Rf2+ Kg6 43. Kh2 Nc4 44. Rc3 Rd2 45. Rxd2 Nxd2 46.
Rd3 Nf1+ 47. Kg1 Ng3 48. Kf2 Nf5 49. Kg1 Nh4 50. g3 Nf5 51. Kh2 Rxg3 52. Rxg3+
Nxg3 53. Kxg3 Kg5 54. h4+ Kf5 55. Kf3 Ke5 56. Ke3 f5 57. Kf3 f4 58. Kf2 Ke4 59.
Kg2 f3+ 60. Kf1 Kf4 61. Kg1 Kg3 62. Kf1 f2 0-1

[Event "Open international Liffré" 2016"]
[Site "?"]
[Date "2016.10.24"]
[Round "?"]
[White "Le Gouellec Marc"]
[Black "Le Duigou Goulven"]
[Result "0-1"]
[WhiteElo "1759"]
[BlackElo "1874"]
[PlyCount "38"]
[SourceDate "2012.12.11"]

1. e4 e5 2. Nc3 f5 3. exf5 Nf6 4. g4 h5 5. g5 Ng4 6. f3 Qxg5 7. fxg4 Qh4+ 8.
Ke2 Qxg4+ 9. Nf3 e4 10. Nxe4 Qxe4+ 11. Kf2 Qxf5 12. Qe1+ Be7 13. Bd3 Qc5+ 14.
Qe3 O-O 15. Rf1 Nc6 16. Qxc5 Bxc5+ 17. Ke1 Nb4 18. Kd1 Nxd3 19. cxd3 d5 0-1

[Event "Open International Liffré 2016"]
[Site "Liffré France"]
[Date "2016.10.25"]
[Round "6.1"]
[White "Arnaudov, Petar"]
[Black "Thejkumar, M.S."]
[Result "1/2-1/2"]
[BlackElo "2445"]
[WhiteElo "2474"]
[LiveChessVersion "1.4.8"]

1. c4 {[%clk 1:30:57]} e6 {[%clk 1:30:36]} 2. Nf3 {[%clk 1:31:17]} d5
{[%clk 1:30:41]} 3. g3 {[%clk 1:31:41]} Nf6 {[%clk 1:30:45]} 4. Bg2
{[%clk 1:32:05]} Be7 {[%clk 1:30:29]} 5. O-O {[%clk 1:32:27]} O-O
{[%clk 1:30:54]} 6. d4 {[%clk 1:32:53]} dxc4 {[%clk 1:30:55]} 7. Ne5 Nc6
{[%clk 1:30:43]} 8. Nxc6 {[%clk 1:33:32]} bxc6 {[%clk 1:31:07]} 9. Na3
{[%clk 1:33:56]} Bxa3 {[%clk 1:20:54]} 10. bxa3 {[%clk 1:34:11]} Rb8
{[%clk 1:19:42]} 11. Qa4 {[%clk 1:26:15]} Qxd4 {[%clk 0:47:56]} 12. Be3
{[%clk 1:26:21]} Qe5 {[%clk 0:48:18]} 13. Qxc4 {[%clk 1:11:58]} Nd5
{[%clk 0:39:58]} 14. Bd4 {[%clk 1:10:11]} Ba6 {[%clk 0:39:10]} 15. Qxa6
{[%clk 0:51:47]} Qxd4 {[%clk 0:39:14]} 16. Rac1 {[%clk 0:49:10]} Rb2
{[%clk 0:28:57]} 17. e3 {[%clk 0:42:46]} Qd2 {[%clk 0:21:53]} 18. Qxa7
{[%clk 0:41:21]} Rxa2 {[%clk 0:21:52]} 19. Rxc6 {[%clk 0:37:42]} h5
{[%clk 0:16:56]} 20. Qc5 {[%clk 0:34:49]} Ra8 {[%clk 0:04:37]} 21. Rxc7
{[%clk 0:31:17]} R2xa3 {[%clk 0:02:24]} 22. Rc8+ {[%clk 0:29:17]} Kh7
{[%clk 0:02:19]} 23. Rxa8 {[%clk 0:27:49]} Rxa8 {[%clk 0:02:44]} 24. Qd6
{[%clk 0:28:06]} Ra2 {[%clk 0:01:58]} 25. Qd7 {[%clk 0:27:21]} Kg6
{[%clk 0:01:40]} 26. Be4+ {[%clk 0:26:42]} Kf6 {[%clk 0:02:03]} 27. Qd8+
{[%clk 0:23:05]} Ne7 {[%clk 0:02:26]} 28. Qh8 {[%clk 0:22:57]} Qa5
{[%clk 0:01:18]} 29. h4 {[%clk 0:20:12]} Ra1 {[%clk 0:01:00]} 30. Bf3
{[%clk 0:16:12]} Rxf1+ {[%clk 0:01:18]} 31. Kxf1 {[%clk 0:16:38]} Kg6
{[%clk 0:01:36]} 32. Qe8 {[%clk 0:16:13]} Nd5 {[%clk 0:00:45]} 33. Be4+
{[%clk 0:14:39]} Kf6 {[%clk 0:01:02]} 34. Qh8 {[%clk 0:14:32]} Nc3
{[%clk 0:00:49]} 35. Bf3 {[%clk 0:14:42]} Kg6 {[%clk 0:01:03]} 36. Kg2
{[%clk 0:14:45]} Qe5 {[%clk 0:01:12]} 37. g4 {[%clk 0:11:04]} hxg4
{[%clk 0:01:09]} 38. Bxg4 {[%clk 0:11:19]} Nd5 {[%clk 0:00:57]} 39. f4
{[%clk 0:09:32]} Nxf4+ {[%clk 0:00:32]} 40. exf4 {[%clk 0:39:24]} Qxf4
{[%clk 0:30:35]} 41. Bh5+ {[%clk 0:32:46]} Kf5 {[%clk 0:27:15]} 42. Bf3
{[%clk 0:31:37]} Qd2+ {[%clk 0:25:39]} 43. Kh3 {[%clk 0:31:53]} Qf4
{[%clk 0:22:27]} 44. Qh5+ {[%clk 0:30:03]} Kf6 {[%clk 0:22:51]} 45. Qg4 Ke5
1/2-1/2

[Event "Open International Liffré 2016"]
[Site "Liffré France"]
[Date "2016.10.25"]
[Round "6.4"]
[White "Kukov, Velislav"]
[Black "Marie, Xavier"]
[Result "1-0"]
[BlackElo "1860"]
[WhiteElo "2358"]
[LiveChessVersion "1.4.8"]

1. d4 {[%clk 1:30:58]} Nf6 {[%clk 1:30:45]} 2. Bf4 {[%clk 1:31:03]} c5
{[%clk 1:30:56]} 3. e3 {[%clk 1:30:55]} Qb6 {[%clk 1:29:11]} 4. Nc3
{[%clk 1:25:27]} cxd4 {[%clk 1:04:58]} 5. exd4 {[%clk 1:25:04]} Qxb2
{[%clk 1:03:51]} 6. Nb5 {[%clk 1:24:22]} Nd5 {[%clk 1:03:13]} 7. Rb1
{[%clk 1:23:10]} Qxa2 {[%clk 1:03:15]} 8. Bd2 {[%clk 1:22:17]} Qa6
{[%clk 0:37:58]} 9. Nc7+ {[%clk 1:20:37]} Nxc7 {[%clk 0:38:21]} 10. Bxa6
{[%clk 1:21:04]} Nbxa6 {[%clk 0:38:24]} 11. Nf3 {[%clk 1:19:14]} g6
{[%clk 0:35:16]} 12. O-O {[%clk 1:19:18]} Bg7 {[%clk 0:35:35]} 13. Re1
{[%clk 1:19:02]} e6 {[%clk 0:34:16]} 14. Qc1 {[%clk 1:11:50]} O-O
{[%clk 0:31:13]} 15. Bh6 {[%clk 1:11:47]} Nd5 {[%clk 0:29:49]} 16. Bxg7
{[%clk 1:11:25]} Kxg7 {[%clk 0:29:32]} 17. c4 {[%clk 1:11:38]} Ndb4
{[%clk 0:27:43]} 18. Qc3 {[%clk 1:11:41]} d6 {[%clk 0:24:11]} 19. Rxb4
{[%clk 1:11:52]} 1-0